[Event "AUTO-OPEN-1155"]
[Site "http://www.queenalice.com/game.php?id=535845"]
[Date "2009.2.6"]
[Round "2"]
[White "emmacharlotte"]
[Black "Lorfman"]
[Result "0-1"]
[WhiteElo "1769"]
[BlackElo "2600"]

1. d4 Nf6 2. c4 g6 3. Nc3 Bg7 4. Nf3 O-O 5. g3 c6 6. e4 d5 7. cxd5 cxd5 8. e5
Ne4 9. Bg2 Nc6 10. O-O Bg4 11. h3 Bf5 12. Nh2 Qa5 13. Ne2 f6 14. Qb3 Qa6 15. g4
Be6 16. Bxe4 Na5 17. Qd3 dxe4 18. Qxa6 bxa6 19. exf6 exf6 20. Rd1 f5 21. b3 Nc6
22. Be3 Nb4 23. Nf4 Bd7 24. g5 Rfc8 25. Rd2 Bf8 26. Nf1 Bd6 27. h4 Kf7 28. Rad1
a5 29. Rb1 Bb5 30. a4 Bxf1 31. Kxf1 Bxf4 32. Bxf4 Nd3 33. Bd6 Rc3 34. Bc5 Ke6
35. b4 axb4 36. Bxb4 Rb8 37. Bxc3 Rxb1+ 38. Kg2 Ne1+ 0-1

[Event "AUTO-OPEN-1155"]
[Site "http://www.queenalice.com/game.php?id=535846"]
[Date "2009.2.6"]
[Round "2"]
[White "Lorfman"]
[Black "emmacharlotte"]
[Result "1-0"]
[WhiteElo "2587"]
[BlackElo "1771"]

1. e4 e5 2. Nf3 Nc6 3. Bc4 Nf6 4. Ng5 d5 5. exd5 Na5 6. Bb5+ c6 7. dxc6 bxc6 8.
Qf3 Qb6 9. Bd3 Be7 10. O-O O-O 11. Nc3 h6 12. Nge4 Ne8 13. Ng3 Nd6 14. Re1 Qc5
15. b3 f5 16. Na4 Qd5 17. Qxd5+ cxd5 18. Nc3 e4 19. Nxd5 Bg5 20. Bf1 Bb7 21. Nc7
Bf6 22. Nxa8 Bxa1 23. Ba3 Be5 24. d4 Bxg3 25. hxg3 Ne8 26. b4 Nc6 27. b5 Nd8 28.
Bc4+ Nf7 29. Re3 Bxa8 30. Bxf8 Kxf8 31. Bxf7 Kxf7 32. Ra3 1-0

[Event "AUTO-OPEN-1155"]
[Site "http://www.queenalice.com/game.php?id=535847"]
[Date "2009.2.6"]
[Round "2"]
[White "emmacharlotte"]
[Black "Pedro666"]
[Result "1-0"]
[WhiteElo "1823"]
[BlackElo "2287"]

1. d4 Nf6 2. c4 g6 3. Nc3 Bg7 4. Nf3 O-O 5. g3 d6 6. Bg2 Nc6 7. O-O a6 8. e4 Bg4
9. Be3 Qc8 10. Rc1 e5 11. d5 Ne7 12. c5 Ne8 13. Na4 Qd7 14. h3 Bxf3 15. Bxf3 f5
16. cxd6 Nxd6 17. Nc5 Qb5 18. Ne6 fxe4 19. Be2 Qxd5 20. Nxc7 Qxd1 21. Rfxd1 Ndf5
22. Nxa8 Rxa8 23. Rc7 Nxe3 24. fxe3 Nf5 25. Bc4+ Kh8 26. Rdd7 Nxe3 27. Rxg7 Nxc4
28. Rxh7+ Kg8 29. Rcg7+ Kf8 30. Rxb7 Kg8 31. b3 Nd2 32. Rbg7+ Kf8 33. Kf2 Rd8
34. Rxg6 Rd3 35. Rxa6 Kg8 36. Re7 Rd8 37. Rxe5 Rf8+ 38. Ke2 Nf1 39. Rg6+ 1-0

[Event "AUTO-OPEN-1155"]
[Site "http://www.queenalice.com/game.php?id=535848"]
[Date "2009.2.6"]
[Round "2"]
[White "Pedro666"]
[Black "emmacharlotte"]
[Result "0-1"]
[WhiteElo "2344"]
[BlackElo "1841"]

1. d4 d5 2. c4 c6 3. cxd5 cxd5 4. Nc3 Nf6 5. Nf3 Nc6 6. Bf4 Nh5 7. Bg5 h6 8. Bd2
Nf6 9. Qb3 e6 10. g3 Be7 11. Bg2 Ne4 12. Nxe4 dxe4 13. Ne5 Nxd4 14. Qd1 Qd5 15.
Ng4 O-O 16. Ne3 Qb5 17. Bc3 Rd8 18. Kf1 f5 19. a4 Qa6 20. Bxd4 e5 21. g4 Rxd4
22. Qc2 f4 23. Nf5 Bxf5 24. gxf5 f3 25. Bh3 Rad8 26. Kg1 Rd2 27. Qb3+ Kf8 28.
exf3 Bc5 29. Bf1 Rxf2 30. Bxa6 Rxf3+ 31. Kg2 Rd2+ 0-1

[Event "AUTO-INT-1043"]
[Site "http://www.queenalice.com/game.php?id=562502"]
[Date "2009.3.27"]
[Round "2"]
[White "westchessdf"]
[Black "emmacharlotte"]
[Result "0-1"]
[WhiteElo "1825"]
[BlackElo "1769"]

1. d4 d5 2. Nf3 Nf6 3. Bg5 Nbd7 4. e3 e6 5. c4 c6 6. Nc3 Be7 7. c5 b6 8. b4 O-O
9. Bd3 a5 10. a3 b5 11. Nd2 e5 12. O-O h6 13. Bxf6 Bxf6 14. Ne2 Re8 15. f3 exd4
16. Nxd4 Rxe3 17. N2b3 axb4 18. Qd2 Rxd3 19. Qxd3 Ne5 20. Qd2 bxa3 21. f4 Nc4
22. Qe2 Bd7 23. Rfd1 Qf8 24. Qf3 Re8 25. Re1 Nd2 26. Nxd2 Bxd4+ 0-1

[Event "AUTO-INT-1043"]
[Site "http://www.queenalice.com/game.php?id=562503"]
[Date "2009.3.27"]
[Round "2"]
[White "emmacharlotte"]
[Black "westchessdf"]
[Result "1-0"]
[WhiteElo "1830"]
[BlackElo "1694"]

1. d4 Nf6 2. Nc3 g6 3. e4 d6 4. Nf3 Bg7 5. Be2 Bg4 6. O-O O-O 7. h3 Bxf3 8. Bxf3
Nbd7 9. e5 dxe5 10. Bxb7 Rb8 11. Bc6 exd4 12. Qxd4 Nb6 13. Qh4 Qd6 14. Bf3 e6
15. Rd1 Qe7 16. Bg5 h6 17. Bxh6 Bxh6 18. Qxh6 Rfd8 19. Qg5 Re8 20. Nb5 a6 21.
Nxc7 Qxc7 22. Qxf6 Qe7 23. Qxe7 Rxe7 24. b3 Rd7 25. Rxd7 Nxd7 26. Rd1 Ne5 27.
Be2 Rc8 28. f4 Rxc2 29. Rd8+ Kg7 30. Bd1 Rxa2 31. fxe5 Ra1 32. Kf2 a5 33. Bc2
Ra2 34. Rd2 Kh6 35. Ke3 1-0

[Event "AUTO-INT-1043"]
[Site "http://www.queenalice.com/game.php?id=562504"]
[Date "2009.3.27"]
[Round "2"]
[White "Delferrer"]
[Black "emmacharlotte"]
[Result "0-1"]
[WhiteElo "1823"]
[BlackElo "1797"]

1. e4 c5 2. Bc4 e6 3. Nf3 Nc6 4. d4 cxd4 5. Nxd4 Nf6 6. Nxc6 bxc6 7. Nc3 d5 8.
exd5 exd5 9. Bd3 Bb4 10. Bd2 O-O 11. O-O Bg4 12. f3 Bh5 13. Be3 d4 14. Bxd4
Qxd4+ 15. Kh1 Bxc3 16. bxc3 Qxc3 17. Re1 Rfe8 18. Rf1 Nd5 19. Qc1 Bg6 20. Bxg6
hxg6 21. Rb1 Re2 22. Rb3 Qc4 23. c3 Rxa2 24. Rb1 Nf4 25. Rb4 Qe2 26. Rg1 Nh3 27.
Qf1 Nf2+ 28. Qxf2 Qxf2 29. Rbb1 Rd8 30. Rbf1 Qxg1+ 31. Rxg1 Rad2 32. h3 Rd1 33.
Kh2 Rxg1 34. Kxg1 a5 35. Kf2 a4 36. c4 a3 37. Kg3 a2 38. c5 a1=Q 39. h4 Qe5+ 40.
Kf2 Rd2+ 41. Kg1 Qe2 42. Kh1 Qxg2# 0-1

[Event "AUTO-INT-1043"]
[Site "http://www.queenalice.com/game.php?id=562505"]
[Date "2009.3.27"]
[Round "2"]
[White "emmacharlotte"]
[Black "Delferrer"]
[Result "1-0"]
[WhiteElo "1814"]
[BlackElo "1806"]

1. d4 d5 2. c4 Nf6 3. cxd5 Nxd5 4. e4 Nb6 5. Nc3 e6 6. Nf3 Bb4 7. Be2 Nc6 8. O-O
O-O 9. a3 Bxc3 10. bxc3 Nd7 11. Bf4 h6 12. Qc2 Nf6 13. Rfd1 Qe7 14. d5 exd5 15.
exd5 Na5 16. d6 cxd6 17. Bxd6 Qe8 18. Re1 Be6 19. Nd4 Bd5 20. Bb5 Qc8 21. Nf5
Be4 22. Ne7+ Kh8 23. Rxe4 Qd8 24. Rd4 Nd7 25. Bb4 Nc6 26. Nxc6 bxc6 27. Bxc6 Qc7
28. Bxd7 Rfd8 29. Rad1 a5 30. Be7 Rg8 31. Qf5 Ra6 32. Qxf7 Qe5 33. Bf5 Rc6 34.
Rd8 Qb8 35. Rxb8 Rxb8 36. Rd8+ Rxd8 37. Bxd8 g6 38. Bxg6 Rxg6 39. Qxg6 a4 40.
Bf6# 1-0

[Event "AUTO-ADV-1354"]
[Site "http://www.queenalice.com/game.php?id=598733"]
[Date "2009.6.5"]
[Round "1"]
[White "reibas"]
[Black "emmacharlotte"]
[Result "0-1"]
[WhiteElo "1838"]
[BlackElo "1908"]

1. e4 c5 2. Bc4 e6 3. Nf3 Nc6 4. Nc3 Nf6 5. d3 d6 6. Bd2 Be7 7. O-O O-O 8. Ng5
a6 9. a3 b5 10. Ba2 Bb7 11. f4 Nd4 12. Ne2 Nxe2+ 13. Qxe2 Qd7 14. Bc3 h6 15. Nh3
Rac8 16. Rf3 Qc7 17. Rg3 b4 18. Bxf6 Bxf6 19. Rb1 bxa3 20. bxa3 Bd4+ 21. Kh1 Rb8
22. c4 Qa5 23. Qg4 Bxe4 24. Ng1 Rxb1 25. Bxb1 Qe1 26. Qxg7+ Bxg7 27. dxe4 Qxb1
28. h3 Qxe4 29. Rf3 Bd4 30. Kh2 Bxg1+ 31. Kxg1 Qxc4 32. Kh2 Kh7 33. f5 Rg8 34.
fxe6 fxe6 35. Rf7+ Rg7 36. Rf3 Qe2 37. Rg3 Qe5 38. a4 Qxg3+ 0-1

[Event "AUTO-ADV-1354"]
[Site "http://www.queenalice.com/game.php?id=598734"]
[Date "2009.6.5"]
[Round "1"]
[White "emmacharlotte"]
[Black "reibas"]
[Result "1-0"]
[WhiteElo "1872"]
[BlackElo "1825"]

1. d4 Nf6 2. Nf3 d5 3. e3 Bg4 4. Nbd2 Nc6 5. c3 e6 6. Bd3 e5 7. dxe5 Nd7 8. h3
Bxf3 9. Nxf3 Ndxe5 10. Bc2 Bd6 11. O-O O-O 12. Qxd5 Nxf3+ 13. Qxf3 g6 14. e4 Ne5
15. Qe2 Qd7 16. Bh6 Rfe8 17. Rad1 Re6 18. Bb3 Rf6 19. f4 Bc5+ 20. Kh1 Qe7 21.
fxe5 Qxe5 22. Rd5 Rxf1+ 23. Qxf1 Qg3 24. Rxc5 Re8 25. Bxf7+ Kh8 26. Qf6# 1-0

[Event "Challenge"]
[Site "http://www.queenalice.com/game.php?id=602843"]
[Date "2009.6.13"]
[Round "-"]
[White "Mike36bh"]
[Black "emmacharlotte"]
[Result "0-1"]
[WhiteElo "1871"]
[BlackElo "1855"]

1. d4 d5 2. Nc3 Nf6 3. Bf4 c6 4. h3 Nbd7 5. Nf3 e6 6. a3 Be7 7. e3 O-O 8. Bd3 c5
9. dxc5 Nxc5 10. O-O Nxd3 11. cxd3 a6 12. d4 Ne4 13. Nxe4 dxe4 14. Nd2 Qd5 15.
f3 exf3 16. Nxf3 b5 17. b4 Bb7 18. Re1 Qe4 19. Re2 Rac8 20. Nd2 Qd3 21. Qf1 Rc2
22. Rd1 Qxa3 23. e4 Qxb4 24. Be3 Rfc8 25. Rf2 f6 26. e5 fxe5 27. dxe5 Rf8 28.
Qe1 Qc3 29. Bf4 Bc5 30. Ne4 Bxf2+ 31. Nxf2 Qxe1+ 32. Rxe1 Rxf4 33. Rf1 a5 34. g3
Rfc4 35. Kh2 Rc1 36. Kg1 a4 37. Nd3 Rxf1+ 38. Kxf1 a3 0-1